Roy Ellis aka Mr. Symarip /

Hlavní autor: Vedral, Honza, 1981-
Jazyk: Angličtina
Vydáno: [Praha] : Optio CZ, s.r.o. in association with Rude Boy Paradise, 2023
Vydání: First edition
Témata:
ska
Fyzický popis: 239 stran : ilustrace (některé barevné), portréty, faksimile ; 19 cm
Knihy
Uloženo v:
LEADER 02838nam a2200745 i 4500
001 nkc20233505774
003 CZ PrNK
005 20230328135137.0
007 ta
008 230313s2023 xr ach e 000 0beng
015 |a cnb003505774 
020 |a 978-80-88011-12-5  |q (Optio CZ ;  |q brožováno) 
035 |a (OCoLC)1375349922 
040 |a OLA001  |b cze  |e rda 
043 |a nwjm---  |a e-uk--- 
045 |a x-y- 
072 7 |a 78.07  |x Hudebníci, skladatelé a jiná hudební povolání  |2 Konspekt  |9 9 
072 7 |a 929  |x Biografie  |2 Konspekt  |9 8 
080 |a 78.071.2  |2 MRF 
080 |a 78.071.1/.2  |2 MRF 
080 |a 785.16.071  |2 MRF 
080 |a 78.036.9.011.26  |2 MRF 
080 |a 78.036.011.26  |2 MRF 
080 |a 929  |2 MRF 
080 |a (729.2)  |2 MRF 
080 |a (410)  |2 MRF 
080 |a (092)  |2 MRF 
100 1 |a Vedral, Honza,  |d 1981-  |7 xx0018852  |4 aut 
245 1 0 |a Roy Ellis aka Mr. Symarip /  |c Honza Vedral 
246 3 0 |a Mr. Symarip 
246 1 8 |a Roy Ellis - the boss skinhead 
250 |a First edition 
264 1 |a [Praha] :  |b Optio CZ, s.r.o. in association with Rude Boy Paradise,  |c 2023 
300 |a 239 stran :  |b ilustrace (některé barevné), portréty, faksimile ;  |c 19 cm 
336 |a text  |b txt  |2 rdacontent 
337 |a bez média  |b n  |2 rdamedia 
338 |a svazek  |b nc  |2 rdacarrier 
500 |a Obálkový podnázev: the boss skinhead 
600 1 7 |a Ellis, Roy,  |d 1946-  |7 ola20231182014  |2 czenas 
648 7 |a 20. století  |7 ch460558  |2 czenas 
648 7 |a 20.-21. století  |7 ch462155  |2 czenas 
650 0 7 |a zpěváci  |7 ph127683  |z Jamajka  |y 20. století  |2 czenas 
650 0 7 |a zpěváci  |7 ph127683  |z Velká Británie  |y 20.-21. století  |2 czenas 
650 0 7 |a hudebníci  |7 ph117204  |z Jamajka  |y 20. století  |2 czenas 
650 0 7 |a hudebníci  |7 ph117204  |z Velká Británie  |y 20.-21. století  |2 czenas 
650 0 7 |a hudební skupiny  |7 ph120924  |z Jamajka  |y 20. století  |2 czenas 
650 0 7 |a hudební skupiny  |7 ph120924  |z Velká Británie  |y 20.-21. století  |2 czenas 
650 0 7 |a reggae  |7 ph224432  |2 czenas 
650 0 7 |a ska  |7 ph640377  |2 czenas 
650 0 9 |a singers  |z Jamaica  |y 20th century  |2 eczenas 
650 0 9 |a singers  |z Great Britain  |y 20th-21st centuries  |2 eczenas 
650 0 9 |a musicians  |z Jamaica  |y 20th century  |2 eczenas 
650 0 9 |a musicians  |z Great Britain  |y 20th-21st centuries  |2 eczenas 
650 0 9 |a musical groups  |z Jamaica  |y 20th century  |2 eczenas 
650 0 9 |a musical groups  |z Great Britain  |y 20th-21st centuries  |2 eczenas 
650 0 9 |a reggae  |2 eczenas 
650 0 9 |a ska music  |2 eczenas 
655 7 |a biografie  |7 fd131909  |2 czenas 
655 9 |a biography  |2 eczenas 
910 2 |a BOA001  |b 1-1506.071 
928 9 |a Rude Boy Paradise 
990 |a BK 
995 |a 01 
991 |b 202303  |c NOV 
996 6 |b 2610934200  |c 1-1506.071  |l MZK  |r Sklad / do 1 hodiny  |n 0  |p p.v.  |w 001919401  |u 000010  |a 1  |e BOA001  |j MZK50  |s P